Minoo Masani / (Record no. 23968)
[ view plain ]
| 000 -LEADER | |
|---|---|
| fixed length control field | 01092cam a22002775a 4500 |
| 005 - DATE AND TIME OF LATEST TRANSACTION | |
| control field | 20090217114729.0 |
| 008 - FIXED-LENGTH DATA ELEMENTS--GENERAL INFORMATION | |
| fixed length control field | 081107s2008 ii b 000 0 eng |
| 020 ## - INTERNATIONAL STANDARD BOOK NUMBER | |
| International Standard Book Number | 9788123750798 |
| Terms of availability | 40.00 |
| 037 ## - SOURCE OF ACQUISITION | |
| Source of stock number/acquisition | North India Publishers |
| 040 ## - CATALOGING SOURCE | |
| Original cataloging agency | dpl |
| Language of cataloging | English |
| 082 ## - DEWEY DECIMAL CLASSIFICATION NUMBER | |
| Classification number | 921 |
| 100 ## - MAIN ENTRY--PERSONAL NAME | |
| Personal name | Raju,S.V. |
| 245 ## - TITLE STATEMENT | |
| Title | Minoo Masani / |
| Statement of responsibility, etc | by S.V.Raju |
| 260 ## - PUBLICATION, DISTRIBUTION, ETC. (IMPRINT) | |
| Place of publication, distribution, etc | New Delhi |
| Name of publisher, distributor, etc | National Book Trust |
| Date of publication, distribution, etc | 2008(repr.) |
| 270 ## - ADDRESS | |
| Address | Nehru Bhawan, 5 Institutional Area, Phase II, Vasant Kunj |
| City | New Delhi |
| Postal code | 110070 |
| 300 ## - PHYSICAL DESCRIPTION | |
| Extent | xxi, 99 p. |
| Dimensions | 22 cm.(pbk) |
| 490 ## - SERIES STATEMENT | |
| Series statement | National biography |
| 651 ## - SUBJECT ADDED ENTRY--GEOGRAPHIC NAME | |
| Geographic name | India |
| General subdivision | History |
| Chronological subdivision | Sepoy Rebellion, 1857-1858. |
| 651 ## - SUBJECT ADDED ENTRY--GEOGRAPHIC NAME | |
| Geographic name | Punjab (India) |
| General subdivision | Politics and government |
| Chronological subdivision | 19th century. |
| 651 ## - SUBJECT ADDED ENTRY--GEOGRAPHIC NAME | |
| Geographic name | Haryana (India) |
| General subdivision | Politics and government |
| Chronological subdivision | 19th century. |
| 651 ## - SUBJECT ADDED ENTRY--GEOGRAPHIC NAME | |
| Geographic name | Himachal Pradesh (India) |
| General subdivision | Politics and government |
| Chronological subdivision | 19th century. |
| 942 ## - ADDED ENTRY ELEMENTS (KOHA) | |
| Source of classification or shelving scheme | Dewey Decimal Classification |
| Item type | English Books |
| Classification part | 921 |
| Call number suffix | RAJ |
| Withdrawn status | Lost status | Source of classification or shelving scheme | Damaged status | Not for loan | Home library | Current library | Date acquired | Cost, normal purchase price | Total Checkouts | Full call number | Date last seen | Cost, replacement price | Koha item type |
|---|---|---|---|---|---|---|---|---|---|---|---|---|---|
| Dewey Decimal Classification | Ordered | Andrews Gunj | Andrews Gunj | 17/02/2009 | 40.00 | 921 RAJ | 17/02/2009 | 40.00 | English Books |
